[Event "Superettan(Rockaden,Umea-Limhamn II)"]
[Site "?"]
[Date "2015.03.21"]
[Round "8"]
[White "Mardell, Jimmy"]
[Black "Wakeham, Daniel"]
[Result "1-0"]
[WhiteElo "2131"]
[BlackElo "2090"]
[PlyCount "73"]

1. e4 e6 2. d4 d5 3. Nc3 Nf6 4. e5 Nfd7 5. f4 c5 6. Nf3 Nc6 7. Be3 cxd4 8. Nxd4
Bc5 9. Qd2 Nxd4 10. Bxd4 Bxd4 11. Qxd4 Qb6 12. O-O-O Qxd4 13. Rxd4 Nb8 14. h4
Bd7 15. h5 Nc6 16. Rd2 f6 17. exf6 gxf6 18. f5 O-O-O 19. Bb5 d4 20. Ne4 e5 21.
Nd6+ Kc7 22. Nf7 a6 23. Bd3 Ne7 24. Nxh8 Rxh8 25. c3 dxc3 26. bxc3 Bc6 27. Rg1
Rg8 28. g4 Bf3 29. Be2 Bc6 30. Bc4 Rd8 31. Rxd8 Kxd8 32. g5 Nxf5 33. gxf6 Nh6
34. Rg7 Be4 35. f7 Ke7 36. Rg8 Nxf7 37. Rg7 1-0

[Event "Superettan(Burgsvik-Manhem)"]
[Site "?"]
[Date "2015.03.21"]
[Round "8"]
[White "Hultin, Johan"]
[Black "Fries Nielsen, Jens Ove"]
[Result "0-1"]
[WhiteElo "2359"]
[BlackElo "2457"]
[PlyCount "130"]

1. d4 Nf6 2. c4 d6 3. Nc3 Bg4 4. f3 Bd7 5. e4 e5 6. Nge2 Nc6 7. Be3 a6 8. Qd2
Rb8 9. d5 Ne7 10. Nc1 Ng6 11. Nb3 Be7 12. c5 O-O 13. O-O-O dxc5 14. Nxc5 Bc8
15. Kb1 Nd7 16. N3a4 b6 17. Nb3 Bd6 18. Rc1 Nf6 19. a3 Qe8 20. Nc3 Ra8 21. Na2
a5 22. g3 Bd7 23. h4 Nh5 24. Rg1 f5 25. exf5 Bxf5+ 26. Ka1 a4 27. Nc5 bxc5 28.
g4 Nxh4 29. Be2 Nf4 30. gxf5 Nxf5 31. Bxc5 Bxc5 32. Rxc5 Qe7 33. Rc4 Nd4 34.
Bd1 Nxd5 35. Qg5 Qxg5 36. Rxg5 Nb6 37. Rc3 Rfe8 38. Nb4 Rad8 39. Ka2 c5 40. Na6
c4 41. Rg1 Rc8 42. Nb4 Nb5 43. Re3 c3 44. Be2 Nc4 45. Re4 Ncd6 46. Reg4 g6 47.
Nd5 Nd4 48. Bd3 e4 49. Nf6+ Kf7 50. Nxe8 Rxe8 51. Rf4+ Kg7 52. fxe4 Ne6 53. Rf3
cxb2 54. Kxb2 Rb8+ 55. Ka2 Nd4 56. Rfg3 Kf6 57. Rg5 Nf3 58. e5+ Nxe5 59. R5g3
Rc8 60. Kb2 Nf5 61. Rh3 h5 62. Bxf5 Kxf5 63. Rf1+ Kg4 64. Rh2 Nd3+ 65. Ka2 Nf4
0-1

[Event "Superettan(Burgsvik-Manhem)"]
[Site "?"]
[Date "2015.03.21"]
[Round "8"]
[White "Andersson, Tommy"]
[Black "Winsnes, Rikard"]
[Result "1/2-1/2"]
[WhiteElo "2374"]
[BlackElo "2404"]
[PlyCount "34"]

1. d4 Nf6 2. c4 g6 3. f3 d5 4. cxd5 Nxd5 5. e4 Nb6 6. Nc3 Bg7 7. Be3 O-O 8. Qd2
e5 9. d5 c6 10. Rd1 cxd5 11. exd5 N8d7 12. Nh3 e4 13. fxe4 Ne5 14. Nf2 Nbc4 15.
Bxc4 Nxc4 16. Qe2 Nxe3 17. Qxe3 f5 1/2-1/2

[Event "Superettan(Burgsvik-Manhem)"]
[Site "?"]
[Date "2015.03.21"]
[Round "8"]
[White "Welin, Mats"]
[Black "Fries Nielsen, Niels J"]
[Result "1/2-1/2"]
[WhiteElo "2324"]
[BlackElo "2333"]
[PlyCount "24"]

1. e4 d6 2. d4 a6 3. Nc3 b5 4. Be3 Bb7 5. Bd3 Nf6 6. f3 Nbd7 7. a4 c6 8. Qd2 e5
9. Nge2 Be7 10. O-O O-O 11. Ng3 g6 12. Nce2 exd4 1/2-1/2

[Event "Superettan(Burgsvik-Manhem)"]
[Site "?"]
[Date "2015.03.21"]
[Round "8"]
[White "Krupenski, Juri"]
[Black "Berggren Torell, Harald"]
[Result "1-0"]
[WhiteElo "2259"]
[BlackElo "2189"]
[PlyCount "85"]

1. d4 d6 2. e4 Nf6 3. Nc3 g6 4. Nf3 Bg7 5. Be2 O-O 6. O-O a6 7. Re1 Nc6 8. Bg5
h6 9. Bh4 g5 10. Bg3 Nh5 11. d5 Nxg3 12. hxg3 Ne5 13. Nxe5 Bxe5 14. Qd2 c6 15.
Nd1 Qb6 16. Kh2 Bxb2 17. Rb1 Qd4 18. Bd3 Ba3 19. Qa5 Bc5 20. Qc7 Qe5 21. dxc6
b5 22. Ne3 Ra7 23. Qa5 Bd4 24. Re2 h5 25. Nf5 h4 26. Nxd4 hxg3+ 27. fxg3 Qh8+
28. Kg1 Qxd4+ 29. Rf2 Be6 30. a4 f6 31. axb5 axb5 32. Qxb5 Rc8 33. Qb6 Qa4 34.
Rb4 Qa5 35. Rb5 Qxb6 36. Rxb6 Ra3 37. Ba6 Rf8 38. Rf3 Ra4 39. c7 Kf7 40. Rc3
Bc8 41. Bxc8 Rxc8 42. Rb8 Ra8 43. Rxa8 1-0

[Event "Superettan(Burgsvik-Manhem)"]
[Site "?"]
[Date "2015.03.21"]
[Round "8"]
[White "Al Hadarani, Hatim"]
[Black "Packalen, Marcus"]
[Result "0-1"]
[WhiteElo "2261"]
[BlackElo "2151"]
[PlyCount "94"]

1. d4 d6 2. g3 Nf6 3. Bg2 g6 4. Nf3 Bg7 5. O-O O-O 6. a4 a5 7. Re1 Nbd7 8. e4
e5 9. dxe5 dxe5 10. Nc3 Re8 11. Bf1 b6 12. Bc4 Bb7 13. Ng5 Rf8 14. f3 h6 15.
Nh3 Nc5 16. Be3 Qe7 17. Qe2 Rfe8 18. Nf2 Rad8 19. Nd3 Nxd3 20. Bxd3 Nh7 21. Bc4
Ng5 22. Nd5 Bxd5 23. Bxd5 Ne6 24. c3 Kh7 25. Qc4 Bf6 26. Rf1 Bg5 27. Bf2 Rd6
28. Qe2 h5 29. Rfd1 Red8 30. b4 axb4 31. cxb4 Nd4 32. Bxd4 exd4 33. Qc4 c6 34.
Bxf7 Be3+ 35. Kg2 Rf6 36. a5 b5 37. Bxg6+ Rxg6 38. Qd3 Qxb4 39. a6 h4 40. Ra2
Qe7 41. g4 h3+ 42. Kxh3 Qf7 43. Qe2 d3 44. Rxd3 Rxd3 45. Rc2 Ra3 46. Kg2 Ba7
47. Rd2 Ra1 0-1

[Event "Superettan(Burgsvik-Manhem)"]
[Site "?"]
[Date "2015.03.21"]
[Round "8"]
[White "Larsson, Victor"]
[Black "Moberg, Karl Johan"]
[Result "1/2-1/2"]
[WhiteElo "2134"]
[BlackElo "2302"]
[PlyCount "264"]

1. d4 Nf6 2. c4 g6 3. Nc3 d5 4. Bf4 Bg7 5. e3 O-O 6. Rc1 c5 7. dxc5 Be6 8. Nf3
Nc6 9. Ng5 Qa5 10. Be2 Rfd8 11. Qa4 Qxc5 12. O-O d4 13. Nxe6 fxe6 14. exd4 Nxd4
15. Be3 e5 16. b4 Qc8 17. Rfe1 a5 18. b5 Qc5 19. h3 b6 20. Bf1 Rac8 21. Nd5 Rd7
22. Bxd4 exd4 23. Nf4 Bh6 24. Ne6 Qf5 25. Rcd1 Ne4 26. Qc2 Qxe6 27. Rxe4 Qd6
28. Qe2 Bg7 29. Re6 Qc5 30. Qe4 Bf6 31. g4 Rd6 32. Bd3 Rcd8 33. Kg2 Rxe6 34.
Qxe6+ Kf8 35. f4 Qd6 36. Qe4 Bg7 37. h4 Kg8 38. h5 Rf8 39. Rf1 e5 40. hxg6 hxg6
41. c5 Qxc5 42. Qxg6 Rxf4 43. Qe8+ Qf8 44. Bc4+ Kh7 45. Rh1+ Bh6 46. Bd3+ Kg8
47. Qe6+ Qf7 48. Rxh6 Rf2+ 49. Kg1 Qxe6 50. Rxe6 Rxa2 51. Rxe5 Rd2 52. Bc4+ Kg7
53. Rd5 a4 54. Rd7+ Kf6 55. Ra7 Kg5 56. Kf1 Kxg4 57. Ke1 Rb2 58. Rxa4 Kf4 59.
Ra2 Rb4 60. Rf2+ Ke3 61. Re2+ Kf3 62. Bd5+ Kf4 63. Re4+ Kf5 64. Bc6 Rxb5 65.
Rxd4 Rb2 66. Kd1 Ke5 67. Rh4 Kd6 68. Kc1 Rf2 69. Ba4 Kc5 70. Bc2 Rg2 71. Kb2 b5
72. Rh5+ Kc4 73. Rh4+ Kc5 74. Rh3 Kc4 75. Rc3+ Kd4 76. Rc8 Rg3 77. Bb3 Rg5 78.
Rc1 Rc5 79. Rd1+ Ke3 80. Ka3 Rg5 81. Kb4 Ke2 82. Rd8 Ke3 83. Bd5 Kd4 84. Bc6+
Ke3 85. Bxb5 Re5 86. Bd3 Re7 87. Kc3 Rc7+ 88. Bc4 Re7 89. Rd1 Kf4 90. Rf1+ Ke5
91. Kd3 Rd7+ 92. Ke3 Re7 93. Rf8 Rg7 94. Be2 Rg3+ 95. Bf3 Rg7 96. Rd8 Ra7 97.
Rd5+ Ke6 98. Rb5 Rc7 99. Bg4+ Kd6 100. Kd4 Rg7 101. Bf5 Re7 102. Rb6+ Kc7 103.
Rg6 Rf7 104. Be6 Re7 105. Kc5 Kd8 106. Kd6 Rd7+ 107. Kc6 Rc7+ 108. Kd5 Ke7 109.
Ke5 Rc5+ 110. Bd5 Rc7 111. Rh6 Kd7 112. Rh7+ Kd8 113. Rh8+ Ke7 114. Ra8 Rd7
115. Rc8 Rd8 116. Rc7+ Rd7 117. Rc5 Ra7 118. Rc3 Rd7 119. Rg3 Rc7 120. Rg8 Kd7
121. Rg6 Ke7 122. Bc6 Kf7 123. Rh6 Kg7 124. Rd6 Kf7 125. Be4 Ke7 126. Rh6 Rc5+
127. Bd5 Rc7 128. Rd6 Ra7 129. Rc6 Rd7 130. Re6+ Kd8 131. Bc6 Re7 132. Rxe7
Kxe7 1/2-1/2

[Event "Superettan(Burgsvik-Manhem)"]
[Site "?"]
[Date "2015.03.21"]
[Round "8"]
[White "Outgajjouft, Said"]
[Black "Zadruzny, Nicolaj"]
[Result "0-1"]
[WhiteElo "2172"]
[BlackElo "2224"]
[PlyCount "88"]

1. e4 d6 2. d4 Nf6 3. Nc3 g6 4. Nf3 Bg7 5. h3 O-O 6. Be3 c6 7. Qd2 b5 8. a3 Qc7
9. Bh6 Nbd7 10. Bxg7 Kxg7 11. Qe3 e5 12. dxe5 dxe5 13. Be2 Bb7 14. O-O a5 15.
a4 b4 16. Nd1 c5 17. Nd2 Rfd8 18. b3 Nf8 19. Nb2 Ne6 20. Nbc4 Nd4 21. Bd1 Ne6
22. Re1 Rd4 23. Bf3 h6 24. Bd1 Rad8 25. f3 Nh5 26. Be2 Ng3 27. Kh2 f5 28. Bd3
f4 29. Qf2 h5 30. Nf1 h4 31. Kg1 Ng5 32. Nh2 Bc8 33. Ng4 Bxg4 34. fxg4 Rf8 35.
Nd2 f3 36. Kh2 fxg2 37. Qxg2 Rd6 38. Re3 Rdf6 39. Rxg3 hxg3+ 40. Kxg3 Qf7 41.
Bc4 Qd7 42. Bd5 Rf4 43. Re1 Rh8 44. Rh1 Rxh3+ 0-1

[Event "Superettan(Burgsvik-Manhem)"]
[Site "?"]
[Date "2015.03.21"]
[Round "8"]
[White "Tuvesson, Mats"]
[Black "Andersson, Goran"]
[Result "1-0"]
[WhiteElo "2210"]
[BlackElo "2161"]
[PlyCount "91"]

1. d4 Nf6 2. c4 g6 3. Nc3 Bg7 4. e4 d6 5. Nf3 O-O 6. Be2 e5 7. O-O Nc6 8. d5
Ne7 9. Ne1 Nd7 10. Nd3 f5 11. Bd2 Nf6 12. f3 f4 13. c5 g5 14. cxd6 cxd6 15. Rc1
Ng6 16. Nf2 Rf7 17. Qb3 h5 18. h3 Bf8 19. Nb5 Nh4 20. Qc4 g4 21. fxg4 hxg4 22.
hxg4 Rg7 23. Be1 Nxg2 24. Kxg2 Nxg4 25. Nxg4 Bxg4 26. Bxg4 Rxg4+ 27. Kf3 Qg5
28. Bf2 Rg2 29. Ke2 Bh6 30. Rc2 f3+ 31. Kd1 Qg6 32. Qd3 Rf8 33. Nc3 a6 34. b4
Qg5 35. Nb1 Rf7 36. Nd2 Qf4 37. Kc1 Rfg7 38. Kb2 Rf7 39. Nc4 Qf6 40. Ne3 Bxe3
41. Qxe3 Qg6 42. Bg1 f2 43. Rcxf2 Rgxf2+ 44. Bxf2 Qg2 45. Rg1 Rxf2+ 46. Qxf2
1-0

[Event "Superettan(Orebro-Rockaden,Sthlm II)"]
[Site "?"]
[Date "2015.03.21"]
[Round "8"]
[White "Engqvist, Thomas"]
[Black "Gruvaeus, Curt"]
[Result "1-0"]
[WhiteElo "2362"]
[BlackElo "2274"]
[PlyCount "61"]

1. d4 Nf6 2. c4 c5 3. Nf3 g6 4. Nc3 Bg7 5. d5 O-O 6. e4 d6 7. h3 Na6 8. Be2 Nc7
9. O-O Bd7 10. Bf4 a6 11. a4 Rb8 12. e5 Nfe8 13. a5 b5 14. axb6 Rxb6 15. Ra2
Qb8 16. Qc1 a5 17. Re1 a4 18. Bd1 Na6 19. Nxa4 Bxa4 20. Bxa4 Nec7 21. b3 Nb4
22. Rd2 Qc8 23. Qb1 Rd8 24. Bg5 f6 25. exf6 exf6 26. Bh4 Rf8 27. Rde2 g5 28.
Re7 Rf7 29. Rxf7 Kxf7 30. Qxh7 Qh8 31. Qf5 1-0

[Event "Superettan(Orebro-Rockaden,Sthlm II)"]
[Site "?"]
[Date "2015.03.21"]
[Round "8"]
[White "Nygren, Kim"]
[Black "Bit-Narva, David"]
[Result "1-0"]
[WhiteElo "2206"]
[BlackElo "2117"]
[PlyCount "45"]

1. e4 g6 2. d4 Bg7 3. Nc3 d6 4. Bc4 e6 5. f4 a6 6. Nf3 b5 7. Bd3 Ne7 8. Be3 Nd7
9. h4 c5 10. h5 cxd4 11. Nxd4 Bb7 12. Qe2 b4 13. Nd1 Nc5 14. Nf2 Nc6 15. Nxc6
Bxc6 16. Rd1 Na4 17. e5 Nxb2 18. h6 Bf8 19. Ng4 dxe5 20. Bb5 Bxb5 21. Rxd8+
Rxd8 22. Nf6+ Ke7 23. Bc5+ 1-0

[Event "Superettan(Orebro-Rockaden,Sthlm II)"]
[Site "?"]
[Date "2015.03.21"]
[Round "8"]
[White "Bryntze, Stefan"]
[Black "Drugge, Patrick"]
[Result "1-0"]
[WhiteElo "2195"]
[BlackElo "2178"]
[PlyCount "51"]

1. b3 e5 2. Bb2 Nc6 3. e3 g6 4. Bb5 Bg7 5. Ne2 a6 6. Bxc6 dxc6 7. Ng3 Nh6 8.
Qe2 O-O 9. Nc3 Re8 10. h4 f5 11. O-O-O b5 12. Kb1 a5 13. d4 exd4 14. Qf3 Qd6
15. Nxb5 Qe7 16. Nxd4 Bb7 17. h5 a4 18. hxg6 hxg6 19. Rxh6 Bxh6 20. Ndxf5 gxf5
21. Nxf5 Qg5 22. Rh1 Re6 23. Rh5 a3 24. Nxh6+ Qxh6 25. Rxh6 Rxh6 26. Qg3+ 1-0

[Event "Superettan(Orebro-Rockaden,Sthlm II)"]
[Site "?"]
[Date "2015.03.21"]
[Round "8"]
[White "Zetterberg, Staffan"]
[Black "Nikolic, Vladan"]
[Result "1/2-1/2"]
[WhiteElo "2186"]
[BlackElo "2046"]
[PlyCount "65"]

1. Nf3 Nf6 2. c4 g6 3. Nc3 Bg7 4. g3 d6 5. Bg2 O-O 6. Rb1 Nc6 7. b4 Bf5 8. d3
Qd7 9. b5 Nd8 10. h3 h6 11. e4 Ne8 12. Bb2 Be6 13. Nd5 f5 14. Nd4 Bxd5 15. exd5
a6 16. a4 axb5 17. cxb5 Kh7 18. O-O Bxd4 19. Bxd4 b6 20. f4 Nb7 21. Re1 Rf7 22.
Re6 Ng7 23. g4 Rg8 24. g5 Nd8 25. Re1 Nh5 26. Qf3 hxg5 27. fxg5 e5 28. Bc3 Nb7
29. Bb4 Ra8 30. Ra1 Na5 31. Rab1 Nb7 32. Ra1 Na5 33. Rab1 1/2-1/2

[Event "Superettan(Orebro-Rockaden,Sthlm II)"]
[Site "?"]
[Date "2015.03.21"]
[Round "8"]
[White "Sandbom, Jonas"]
[Black "Blomstrom, Lars"]
[Result "1/2-1/2"]
[WhiteElo "2105"]
[BlackElo "2126"]
[PlyCount "35"]

1. d4 Nf6 2. Nf3 g6 3. c4 Bg7 4. Nc3 O-O 5. e4 d6 6. Be2 Nbd7 7. O-O e5 8. d5
Nc5 9. Qc2 a5 10. Bg5 h6 11. Bxf6 Qxf6 12. Ne1 Qd8 13. Nd3 Nxd3 14. Bxd3 f5 15.
a3 f4 16. f3 h5 17. b4 Rf7 18. c5 1/2-1/2

[Event "Superettan(Orebro-Rockaden,Sthlm II)"]
[Site "?"]
[Date "2015.03.21"]
[Round "8"]
[White "Jonsson, Krister"]
[Black "Backman, Michael"]
[Result "1-0"]
[WhiteElo "2071"]
[BlackElo "2016"]
[PlyCount "69"]

1. d4 Nf6 2. c4 g6 3. Nc3 Bg7 4. e4 d6 5. Be2 O-O 6. Bg5 Nbd7 7. Qd2 e5 8. Nf3
exd4 9. Nxd4 Re8 10. O-O a6 11. f3 c6 12. Kh1 Ne5 13. Rad1 Qb6 14. Rfe1 Bd7 15.
Nc2 Rad8 16. Na4 Qa7 17. Qxd6 Neg4 18. c5 Nxe4 19. fxe4 Be5 20. Bxg4 Bxd6 21.
Rxd6 Bxg4 22. Rxd8 Rxd8 23. Bxd8 Qb8 24. Bf6 Qf4 25. Bc3 h5 26. Ne3 Be6 27. Nb6
h4 28. Ned5 Qf2 29. Nf6+ Kf8 30. Rd1 Bd5 31. exd5 h3 32. Nbd7+ Ke7 33. Re1+ Kd8
34. Re8+ Kc7 35. Be5# 1-0

[Event "Superettan(Orebro-Rockaden,Sthlm II)"]
[Site "?"]
[Date "2015.03.21"]
[Round "8"]
[White "Heden, Gustav"]
[Black "Sparv, Joakim"]
[Result "1-0"]
[WhiteElo "2038"]
[BlackElo "1983"]
[PlyCount "63"]

1. c4 e5 2. Nc3 Nf6 3. g3 d5 4. cxd5 Nxd5 5. Bg2 Nb6 6. Nf3 Nc6 7. O-O g5 8. d4
exd4 9. Nb5 Bg7 10. Bxg5 Qd7 11. Rc1 a6 12. Nxc7+ Qxc7 13. Nxd4 O-O 14. Nxc6
bxc6 15. Rxc6 Qa7 16. Be3 Rb8 17. Qd6 Bb7 18. Rc7 Qa8 19. Bxb7 Rxb7 20. Rxb7
Qxb7 21. Qxb6 Qxb6 22. Bxb6 Rb8 23. Be3 Rxb2 24. Rc1 f6 25. a3 Rb3 26. a4 Ra3
27. Rc4 Kf7 28. Bb6 f5 29. a5 Bc3 30. Rc7+ Kg6 31. Ra7 Ra2 32. Rxa6 1-0

[Event "Superettan(Orebro-Rockaden,Sthlm II)"]
[Site "?"]
[Date "2015.03.21"]
[Round "8"]
[White "Skoog, Daniel"]
[Black "Darnell, Anton"]
[Result "1-0"]
[WhiteElo "1932"]
[BlackElo "1806"]
[PlyCount "129"]

1. Nf3 Nf6 2. c4 e6 3. Nc3 d5 4. d4 Be7 5. Bf4 c6 6. e3 O-O 7. Bd3 Nbd7 8. c5
Nh5 9. O-O Nxf4 10. exf4 b6 11. b4 bxc5 12. bxc5 h6 13. Qa4 Qc7 14. Ne5 Nxe5
15. fxe5 a5 16. Rfb1 Ba6 17. Bxa6 Rxa6 18. Rb3 Rb8 19. Rxb8+ Qxb8 20. Rb1 Qc7
21. Qb3 Ra7 22. Qb8+ Bd8 23. Rb6 Kf8 24. Qxc7 Rxc7 25. Rb8 Ke7 26. Na4 Ra7 27.
f4 Bc7 28. Rb3 Ra8 29. Kf2 Rb8 30. Rxb8 Bxb8 31. h4 f5 32. h5 Bc7 33. Kf3 Ke8
34. g4 Ke7 35. Nc3 Kf7 36. Ne2 g6 37. Ng3 Bd8 38. hxg6+ Kxg6 39. gxf5+ exf5 40.
Nf1 Kf7 41. Ne3 Ke6 42. Kg3 Be7 43. Ng2 Bd8 44. Nh4 Be7 45. Ng6 Bd8 46. Nf8+
Ke7 47. Ng6+ Ke6 48. Nh4 Be7 49. Nf3 Bd8 50. Nd2 Be7 51. Nb3 Bd8 52. Nd2 Be7
53. Nb1 Kd7 54. Nc3 Kc7 55. Na4 Bd8 56. Nb6 Be7 57. Kf3 Bd8 58. Ke3 Bh4 59. e6
Bf6 60. Nd7 Bg7 61. Ne5 Bf6 62. Nf7 Bg7 63. Nd6 Bf8 64. Nxf5 Kd8 65. Kf3 1-0

[Event "Superettan(Limhamn II-Schack 08)"]
[Site "?"]
[Date "2015.03.22"]
[Round "9"]
[White "Ingbrant, Johan"]
[Black "Golubenko, Valeriy"]
[Result "1-0"]
[WhiteElo "2353"]
[BlackElo "2239"]
[PlyCount "121"]

1. Nf3 Nf6 2. g3 g6 3. b3 Bg7 4. Bb2 O-O 5. Bg2 c5 6. c4 Nc6 7. O-O d6 8. d4
Ne4 9. Nbd2 f5 10. Rb1 Qa5 11. dxc5 Bxb2 12. Rxb2 Nc3 13. Qe1 Qxc5 14. Nb1 Ne4
15. Nc3 a5 16. Na4 Qa7 17. Qc1 Bd7 18. Ng5 Nxg5 19. Qxg5 Rae8 20. Rd1 Ne5 21.
Nc3 Ng4 22. e4 fxe4 23. Nxe4 Bf5 24. Re2 a4 25. Qd2 axb3 26. axb3 Ne5 27. b4
Bg4 28. c5 Bxe2 29. Qxe2 Qa6 30. Qd2 dxc5 31. Nxc5 Qf6 32. Bxb7 Rd8 33. Qa2+
Kh8 34. Rf1 Nd3 35. Ne6 Nxb4 36. Qe2 Rb8 37. Nxf8 Rxb7 38. Qe4 Qc6 39. Qxc6
Nxc6 40. Ne6 Kg8 41. Rc1 Rb6 42. h4 h6 43. Rc5 Nb4 44. Nf4 Kf7 45. h5 g5 46.
Ng6 Nd3 47. Rc3 Rb1+ 48. Kh2 Ne1 49. Re3 Kf6 50. Kh3 e6 51. Ne5 Nc2 52. Ng4+
Ke7 53. Rc3 Nd4 54. Nxh6 Rh1+ 55. Kg4 Kf6 56. Rc7 e5 57. Rf7+ Ke6 58. Kxg5 e4
59. Rf6+ Kd5 60. Ng4 Nf3+ 61. Kg6 1-0

[Event "Superettan(Limhamn II-Schack 08)"]
[Site "?"]
[Date "2015.03.22"]
[Round "9"]
[White "Penalver, Osmani"]
[Black "Laveryd, Peter"]
[Result "1/2-1/2"]
[WhiteElo "2289"]
[BlackElo "2395"]
[PlyCount "106"]

1. d4 Nc6 2. c4 e5 3. d5 Nce7 4. e4 Ng6 5. Be3 Nf6 6. f3 Bb4+ 7. Nd2 Qe7 8. Ne2
Bc5 9. Bxc5 Qxc5 10. Rc1 d6 11. Nb3 Qb6 12. c5 dxc5 13. Rxc5 O-O 14. Qc1 c6 15.
dxc6 Be6 16. cxb7 Qxb7 17. Rc3 Rab8 18. Qe3 a5 19. Nc5 Qxb2 20. Nxe6 fxe6 21.
Qd2 Qb6 22. Rb3 Qc5 23. Qc3 Nxe4 24. Qxc5 Nxc5 25. Rc3 Rfc8 26. Kf2 Rb2 27. Ke3
Ne7 28. Ra3 Nf5+ 29. Kf2 e4 30. fxe4 Nxe4+ 31. Kg1 Rcc2 32. g4 Nfd6 33. Re3
Rxa2 34. Nd4 Rd2 35. Nxe6 Ra1 36. Rf3 Nf7 37. h4 h5 38. gxh5 a4 39. Rhh3 Rdd1
40. Kg2 Ra2+ 41. Kg1 Nd2 42. Rf2 Raa1 43. Kg2 Rxf1 44. Rxd2 Rg1+ 45. Kf2 Raf1+
46. Ke2 Re1+ 47. Kf2 Nh6 48. Rd8+ Kf7 49. Ng5+ Ke7 50. Rd4 Rgf1+ 51. Kg2 Rg1+
52. Kf2 Rgf1+ 53. Kg2 Rg1+ 1/2-1/2

[Event "Superettan(Limhamn II-Schack 08)"]
[Site "?"]
[Date "2015.03.22"]
[Round "9"]
[White "Renman, Nils-Gustaf"]
[Black "Holst, Conny"]
[Result "1-0"]
[WhiteElo "2330"]
[BlackElo "2209"]
[PlyCount "85"]

1. d4 d6 2. Nf3 g6 3. c4 Bg7 4. Nc3 Nf6 5. e4 O-O 6. Be3 Ng4 7. Bg5 h6 8. Bh4
g5 9. Bg3 e5 10. Be2 exd4 11. Nxd4 Nf6 12. Qc2 Re8 13. O-O-O Nc6 14. Nxc6 bxc6
15. e5 Nd7 16. exd6 cxd6 17. Bxd6 Qa5 18. Bf3 Nb6 19. Bxc6 Bf5 20. Qb3 Bxc3 21.
Bxe8 Rxe8 22. bxc3 Re2 23. Rd2 Rxd2 24. Kxd2 Be6 25. Rd1 Nxc4+ 26. Ke1 Nxd6 27.
Qb4 Qe5+ 28. Kf1 Ne4 29. Rd8+ Kh7 30. Qd4 Qb5+ 31. Ke1 Qb1+ 32. Ke2 Qxa2+ 33.
Kf3 f5 34. g4 fxg4+ 35. Kxe4 Qe2+ 36. Qe3 Qc4+ 37. Ke5 Qc7+ 38. Rd6 Bb3 39.
Qd3+ Kh8 40. Qd4 Kh7 41. Kf5 Bf7 42. Rxh6+ Kxh6 43. Qh8# 1-0

[Event "Superettan(Limhamn II-Schack 08)"]
[Site "?"]
[Date "2015.03.22"]
[Round "9"]
[White "Mansson, Lars"]
[Black "Schutz, Ingemar"]
[Result "1/2-1/2"]
[WhiteElo "2229"]
[BlackElo "2191"]
[PlyCount "194"]

1. e4 c5 2. Nf3 d6 3. Bb5+ Nd7 4. d4 Ngf6 5. Nc3 cxd4 6. Qxd4 e6 7. Bg5 Be7 8.
O-O O-O 9. Bxd7 Bxd7 10. Bxf6 Bxf6 11. Qxd6 Bxc3 12. bxc3 Ba4 13. Qb4 Bxc2 14.
Qxb7 Qa5 15. Rfe1 Rab8 16. Qe7 Qxc3 17. Qxa7 Bxe4 18. Qd4 Qxd4 19. Nxd4 Bd5 20.
a4 Rfe8 21. h3 e5 22. Nf5 g6 23. Nd6 Re6 24. Nb5 Bc4 25. Rab1 Bd3 26. Rb3 e4
27. Rc1 Reb6 28. Rc5 Kg7 29. Rb4 h6 30. Rd4 Bxb5 31. axb5 f5 32. Rd7+ Kf6 33.
Rc6+ Rxc6 34. bxc6 Rb1+ 35. Kh2 Rc1 36. Rd6+ Kg5 37. h4+ Kh5 38. Rf6 Rc2 39.
Kg3 Rc5 40. Kf4 g5+ 41. hxg5 hxg5+ 42. Ke3 Rc4 43. Rxf5 Rxc6 44. Kxe4 Kg6 45.
Rf8 Rc5 46. Rd8 Rc2 47. Rd6+ Kg7 48. Ke3 Rc5 49. g3 Ra5 50. Kf3 Ra4 51. Re6 Rb4
52. Re4 Rb2 53. Re2 Rb4 54. Kg2 g4 55. Re6 Kf7 56. Ra6 Re4 57. Kf1 Kg7 58. Ra3
Kg6 59. Re3 Ra4 60. Re8 Ra2 61. Ke1 Rb2 62. Re2 Rb6 63. Kd2 Rd6+ 64. Ke1 Ra6
65. Re4 Kg5 66. Ke2 Ra3 67. Re5+ Kg6 68. Rd5 Ra8 69. Rd4 Kg5 70. Ke3 Re8+ 71.
Re4 Rf8 72. Re5+ Kg6 73. Ra5 Rf7 74. Ra2 Kg5 75. Ke4 Re7+ 76. Kd5 Re1 77. Rd2
Re8 78. Ra2 Re1 79. Kd6 Kf6 80. Kd7 Re4 81. Rd2 Kg6 82. Kd6 Re8 83. Rd4 Kg5 84.
Rf4 Re1 85. Kd5 Re8 86. Kd4 Re7 87. Re4 Rf7 88. Ke3 Rf3+ 89. Ke2 Ra3 90. Re5+
Kg6 91. Re8 Kg5 92. Rg8+ Kf5 93. Rf8+ Kg5 94. f4+ gxf3+ 95. Rxf3 Rxf3 96. Kxf3
Kf5 97. g4+ Kg5 1/2-1/2

[Event "Superettan(Limhamn II-Schack 08)"]
[Site "?"]
[Date "2015.03.22"]
[Round "9"]
[White "Faldt, Magnus"]
[Black "Astrom, Lars"]
[Result "1/2-1/2"]
[WhiteElo "2192"]
[BlackElo "2108"]
[PlyCount "123"]

1. d4 d5 2. c4 c6 3. Nf3 Nf6 4. Nc3 dxc4 5. a4 e6 6. e3 c5 7. Bxc4 Nc6 8. O-O
cxd4 9. exd4 Be7 10. Bg5 O-O 11. Qd2 Nb4 12. Ne5 Bd7 13. Rfe1 Bc6 14. Nxc6 bxc6
15. Bxf6 Bxf6 16. Ne4 a5 17. Nxf6+ Qxf6 18. Re5 Rfd8 19. Qc3 Nd5 20. Bxd5 cxd5
21. b4 Rdc8 22. Qd2 axb4 23. Qxb4 Rc4 24. Qb7 Qd8 25. Qb2 Qa5 26. g3 Rxa4 27.
Rxa4 Qxa4 28. Re1 g6 29. Kg2 Rc8 30. Qb7 Qc6 31. Qe7 Ra8 32. h4 Re8 33. Qf6 Qc2
34. Re5 Qc7 35. h5 Qe7 36. Qf4 f6 37. Re1 e5 38. Qd2 e4 39. Qa2 Qe6 40. hxg6
hxg6 41. Rc1 Kg7 42. Rc7+ Kh6 43. Qb1 Re7 44. Qh1+ Kg7 45. Qc1 Rxc7 46. Qxc7+
Kh6 47. Qd8 Kg7 48. Qc7+ Qf7 49. Qd6 g5 50. g4 Kg6 51. Kg1 Kg7 52. Kg2 Qb7 53.
Qe6 Qf7 54. Qd6 f5 55. Qe5+ Kg6 56. Qd6+ Kh7 57. Qh2+ Kg8 58. Qb8+ Qf8 59.
Qxf8+ Kxf8 60. gxf5 Kf7 61. Kg3 Kg7 62. Kh3 1/2-1/2

[Event "Superettan(Limhamn II-Schack 08)"]
[Site "?"]
[Date "2015.03.22"]
[Round "9"]
[White "Eklund, Joel"]
[Black "Andersson, Bo"]
[Result "1-0"]
[WhiteElo "2212"]
[BlackElo "2001"]
[PlyCount "151"]
[EventDate "2015.??.??"]

1. d4 Nf6 2. Bg5 d5 3. Bxf6 exf6 4. e3 Be6 5. g3 c6 6. Bg2 Qd7 7. Nd2 Na6 8. a3
Be7 9. b3 O-O 10. Ne2 Bh3 11. O-O Bxg2 12. Kxg2 Rfe8 13. c4 b6 14. Nc3 Rad8 15.
cxd5 cxd5 16. b4 Nc7 17. Rc1 Ne6 18. Qa4 Qxa4 19. Nxa4 Rc8 20. Nc3 Nc7 21. Ndb1
Kf8 22. Rc2 Bd6 23. Rfc1 Rcd8 24. Na4 Re7 25. h4 f5 26. Kf3 f6 27. Nbc3 Kf7 28.
Ne2 g5 29. Nec3 Ke6 30. Nb2 Rg8 31. Rh1 Rg6 32. Nd3 Rh6 33. Ne2 Rg7 34. Rcc1
Rhg6 35. a4 Re7 36. a5 Ne8 37. axb6 axb6 38. Rc6 Rb7 39. hxg5 fxg5 40. Ne5 Rf6
41. Nc3 b5 42. Rc8 Ng7 43. Rxh7 Bxe5 44. dxe5 Kxe5 45. Rc5 Rd6 46. Nxb5 Rdd7
47. Nd4 g4+ 48. Ke2 Ne6 49. Nc6+ Kd6 50. Rh6 Rxb4 51. Rc2 Rb6 52. Nd4 Ke5 53.
Nc6+ Kd6 54. Nd4 Ke5 55. Nxe6 Rxe6 56. Rh8 d4 57. Rd2 Red6 58. Re8+ Kf6 59. e4
fxe4 60. Rxe4 Kf5 61. Rf4+ Kg5 62. Kd3 Rc6 63. Rxd4 Rdc7 64. Ra2 Rc3+ 65. Kd2
R7c5 66. Raa4 Rc2+ 67. Ke1 Re5+ 68. Kf1 Rc1+ 69. Kg2 Ree1 70. Rxg4+ Kf5 71.
Rgf4+ Kg5 72. Rg4+ Kh5 73. Rh4+ Kg5 74. Rhc4 Rcd1 75. Ra5+ Kh6 76. Rc6+ 1-0

[Event "Superettan(Limhamn II-Schack 08)"]
[Site "?"]
[Date "2015.03.22"]
[Round "9"]
[White "Ottenklev, Niclas"]
[Black "Ollen, Martin"]
[Result "1-0"]
[WhiteElo "2186"]
[BlackElo "2034"]
[PlyCount "67"]

1. e4 d6 2. d4 Nf6 3. Nc3 g6 4. f3 Bg7 5. Be3 O-O 6. Qd2 c6 7. Nge2 b5 8. g4
Nbd7 9. Bh6 b4 10. Nd1 c5 11. Bxg7 Kxg7 12. h4 h5 13. g5 Ne8 14. f4 Bb7 15. d5
a5 16. Ne3 Ba6 17. Ng3 Nc7 18. Bxa6 Rxa6 19. Qe2 Rh8 20. O-O Rb6 21. Nc4 Nb5
22. Nxb6 Qxb6 23. Qc4 Nd4 24. Rad1 Qa7 25. Rf2 Nb6 26. Qd3 Qd7 27. c3 Nb5 28.
f5 Nc7 29. Rdf1 Qe8 30. Qf3 Nd7 31. fxg6 Ne5 32. Nxh5+ Rxh5 33. Qxh5 Nxg6 34.
Rxf7+ 1-0

[Event "Superettan(Limhamn II-Schack 08)"]
[Site "?"]
[Date "2015.03.22"]
[Round "9"]
[White "Mansson, Peter"]
[Black "Arvidsson, Tomas"]
[Result "1/2-1/2"]
[WhiteElo "2131"]
[BlackElo "1979"]
[PlyCount "64"]

1. e4 c5 2. Nf3 Nc6 3. Nc3 g6 4. d4 cxd4 5. Nxd4 Bg7 6. Be3 Nf6 7. Bc4 d6 8. h3
Bd7 9. Bb3 a6 10. O-O Na5 11. f4 Nxb3 12. axb3 O-O 13. Qd3 b5 14. Rfe1 Qb8 15.
Rad1 Rd8 16. g4 b4 17. Nd5 Kf8 18. Nb6 Be8 19. Nxa8 Qxa8 20. Bf2 d5 21. e5 Ne4
22. Rxe4 dxe4 23. Ne6+ fxe6 24. Qxd8 Qc6 25. h4 e3 26. Bxe3 Qf3 27. Bc5 Qxg4+
28. Kf1 Qxf4+ 29. Kg1 Qg3+ 30. Kf1 Qf4+ 31. Kg1 Qg3+ 32. Kf1 Qf4+ 1/2-1/2